000 00771nam a2200229 a 4500
001 000009717
005 20250409122709.0
008 091001s2001 dr a 000 p spa d
040 _aDO-SdBNP
_bspa
_cBNPHU
082 _aRD861.5
_bC117d
100 1 _aCabrera, Fernándo,
_d1964-
_924620
245 1 0 _aDestierros :
_bcurriculum vitae /
_cFernándo Cabrera.
260 _aSanto Domingo :
_bUCE,
_c2001.
300 _a100 p. :
_bil. ;
_c24 cm.
500 _aIncluye datos biográficos del autor en al contracubierta.
586 _aPremio de poesía UCE, 2001
590 _aInventariado, 2019 / DG
650 0 _aPoesía dominicana
_966
650 0 _aLiteratura dominicana.
_967
710 1 _aUniversidad Central del Este
_937229
910 _aValidado. Control de calidad MFF
999 _c9477
_d9477